| 000 | 01239nam a2200337Ia 4500 | ||
|---|---|---|---|
| 001 | Z_7129 | ||
| 003 | CHAP | ||
| 005 | 20221108174458.0 | ||
| 008 | 220113s2018 xx 000 0 und d | ||
| 010 | _a170401 | ||
| 040 | _cCHAP | ||
| 090 | _aTesis P38 2674 | ||
| 100 |
_aPaúl Carrillo, José Antonio _9136175 |
||
| 245 | _aRespuesta reproductiva de ovejas sincronizadas con CIDR y estimuladas con efecto macho y aplicación de un reconstituyente metabólico \ José Antonio Paúl Carrillo | ||
| 260 |
_aMéxico : _bEl autor, _c2018 |
||
| 300 | _a31 p | ||
| 502 | _aTesis (Ingeniero Agrónomo Especialista en Zootecnia) -- UACh, 2018 \ Direccón: Said Cadena Villegas; asesoría: Carlos G. Germán Alarcon y José I. Alejos de la Fuente | ||
| 650 |
_aCelo _9146852 |
||
| 650 |
_aEfecto macho _9144539 |
||
| 650 |
_aInducción _9145536 |
||
| 650 |
_aOvulación _984414 |
||
| 700 |
_a Alejos de la Fuente, José I., asesor _9146853 |
||
| 700 |
_a Germán Alarcon, Carlos G., asesor _9138869 |
||
| 700 |
_aCadena Villegas, Said, director _9146295 |
||
| 856 | 4 | 2 |
_uhttp://10.13.5.2/tesis/sist115190.pdf _yDescargar PDF |
| 901 | _aTESIS P38 2674 | ||
| 902 | _aA | ||
| 910 | _a2018 | ||
| 942 |
_c2 _2ddc |
||
| 942 |
_c2 _2ddc |
||
| 999 |
_c170401 _d170401 |
||